| 000 | 00653nam a2200241Ia 4500 | ||
|---|---|---|---|
| 003 | OSt | ||
| 005 | 20220918204250.0 | ||
| 006 | a|||||r|||| 00| 0 | ||
| 007 | ta | ||
| 008 | 220917b |||||||| |||| 00| 0 eng d | ||
| 024 | _a111,789 | ||
| 037 | _cTextual | ||
| 040 |
_aARTS _cARTS _beng |
||
| 041 |
_2eng _aeng |
||
| 082 | _aV51:8-1:M2, K5 | ||
| 100 |
_aJarvis George _9111308 |
||
| 245 | 0 | _aJournal and related documents ed by George Georgiades Arnakis | |
| 260 | _c1965 | ||
| 490 | _aAmericans in the Greek revolution; 1 | ||
| 650 | _aHISTORY | ||
| 942 |
_hV51:8-1:M2, K5 _cTEXL _2CC |
||
| 999 |
_c235138 _d235138 |
||